000 00623nam a22001937a 4500
999 _c22551
_d22551
003 AR-CdUCM
008 190423b ||||| |||| 00| 0 spa d
020 _a9786120210932
040 _aMUNICIPALIDAD PROVINCIAL DEL CUSCO
_cBIBLIOTECA MUNICIPAL DEL CUSCO
082 _aES/869.56/M886F
_bM886F
100 _aMoreno Casarrubios, Rafael
_948490
245 _aLa felicidad era una pelota de fútbol /
_cRafael Moreno Casarrubios
260 _aLima :
_bNorma,
_c2019.
300 _a125 páginas. :
_c21 cm.
650 _aNovelas juveniles peruanas
_948491
650 _aSiglo XX
_948492
942 _2ddc
_cLIBROS
945 _arac